WW2 et Guerre Froide: Dates - Statistiques

Statistiques générales
  • Ce quiz a été pris 97 fois
    69 depuis la dernière actualisation
  • Le résultat moyen est 17 sur 119
Statistiques - réponses
Hint Réponse % Correct
Mort de Franco 1975
56%
Appel du Général de Gaulle (jour,mois,année) 18 juin 1940
47%
Conférence de Belgrade: Tiers Monde 1961
40%
Premier choc pétrolier (année) 1973
38%
Création de l'URSS (année) 1922
36%
Intervention soviétique en Afghanistan (annéeS) 1979-1989
33%
Bombardement de Nagasaki (jour,mois,année) 9 août 1945
33%
Révolution de l'Ayatollah Khomeini (année) 1979
31%
Lois Fascistissimes (année) 1925
29%
Premier homme dans l'espace (année) 1961
29%
Invasion de la Pologne (jour,mois,année) 1 septembre 1939
29%
Révolution des œillets 1974
27%
Dissolution de l'URSS (jour,mois,année) 25 décembre 1991
27%
Construction du mur de Berlin (mois,année) août 1961
27%
Crise de Suez (année) 1956
24%
Guerre du Kippour (année) 1973
24%
Tchernobyl (année) 1986
24%
Première guerre du Golfe 1990
24%
Jeudi noir (jour,mois,année) 24 octobre 1929
24%
Capitulation japonaise (jour,mois,année) 2 septembre 1945
24%
Bombardement d'Hiroshima (jour,mois,année) 6 août 1945
24%
Incendie du Reichtag (mois,année) fevrier 1933
24%
Anschluss (année) 1938
22%
Proclamation RDA,RFA (année) 1949
22%
Doctrine Truman (mois,année) mars 1947
22%
Accords SALT 1 (année) 1972
20%
Démission de Nixon (année) 1974
20%
Début de l'opération Barbarossa (jour,mois,année) 22 juin 1941
20%
Capitulation allemande (jour,mois,année) 8 mai 1945
20%
Mort de Staline (mois,année) mars 1953
20%
Première Guerre Israëlo-arabe (annéeS) 1948-1949
18%
Mise en orbite de Spoutnik (année) 1957
18%
Scandale Watergate (année) 1972
18%
Accords SALT 2 (année) 1979
18%
Suicide d'Hitler (jour,mois,année) 30 avril 1945
18%
Déclaration de guerre UK-FR--) NAZI (jour,mois,année) 3 septembre 1939
18%
Plan Marshall (mois,année) juin 1947
18%
Crise de cuba (mois,année) octobre 1962
18%
Création d'Israël (jour,mois,année) 14 mai 1948
16%
Création de la SDN (année) 1920
16%
Création OECE (année) 1948
16%
Guerre des 6 jours (année) 1967
16%
Traité de non-prolifération du nucléaire (année) 1968
16%
Première Intifada (année) 1987
16%
Charte de San Francisco (jour,mois,année) 26 juin 1945
16%
Hitler devient chancelier (jour,mois,année) 30 janvier 1933
16%
Conférence de Postdam (mois,année) juillet 1945
16%
Accords de Genève (mois,année) juillet 1954
16%
Proclamation de la Chine de Mao (mois,année) octobre 1949
16%
Lancement du New Deal (année) 1932
13%
Création du Kominform (année) 1947
13%
Pacte de Bagdad (année) 1955
13%
France quitte le C.I. de l'OTAN (année) 1966
13%
Gorbatchev, Perestroïka et Glasnost (année) 1985
13%
Assassinat de J.F.K (jour,mois,année) 22 novembre 1963
13%
Discours de Fulton (jour,mois,année) 5 mars 1946
13%
Conférence de Bandung (mois,année) avril 1955
13%
Conférence de Yalta (mois,année) Février 1945
13%
Traité de Maastricht (mois,année) février 1992
13%
Début Grande Dépression (année) 1930
11%
Offensive du Têt (année) 1968
11%
Accords de Paris (année) 1973
11%
Révolution en Grèce 1974
11%
Accords d'Helsinki (année) 1975
11%
Euromissiles (début-fin) 1977-1987
11%
Accords d'Oslo (année) 1993
11%
Pacte germano-soviétique (jour,mois,année) 23 août 1939
11%
Traité de Rome (jours,mois,année) 25 mars 1957
11%
Accords de Munich (jour,mois,année) 30 septembre 1938
11%
Baie des cochons (mois,année) avril 1961
11%
Coup de Prague (mois,année) février 1948
11%
Conférence de Wannsee (mois,année) janvier 1942
11%
Blocus de Berlin (mois,année de début/fin) juin 1948- mai 1949
11%
Pacte de Varsovie (mois,année) mai 1955
11%
Axe Rome-Berlin (mois,année) novembre 1936
11%
Marche sur Rome (mois,année) octobre 1922
11%
Capitulation italienne (mois année) septembre 1943
11%
Création du G7 1976
9%
Accords START (année) 1991
9%
Début de la guerre d'Indochine (jour,mois,année) 19 décembre 1946
9%
Indépendance de l'Algérie (jour,mois,année) 5 juillet 1962
9%
Défaite à Dien Bien Phu (jour,mois,année) 7 mai 1954
9%
Création de l'OTAN (mois,année) avril 1949
9%
Accords de Bretton Woods (mois,année) juillet 1944
9%
Doctrine Jdanov (mois,année) septembre 1947
9%
Marche du Sel (année) 1930
7%
Libération de Paris (jour,mois,année) 25 août 1944
7%
Incident du Tonkin (jour,mois,année) 2 août 1964
7%
Adoption de la Constitution Ve Rep. (jour,mois,année) 4 octobre 1958
7%
Traité de Paris CECA (mois,année) avril 1951
7%
Création de l'OPEP (mois,année) septembre 1960
7%
Débarquement en Sicile (jour,mois,année) 10 juillet 1943
4%
Débarquement en Provence (jour,mois,année) 15 août 1943
4%
Révolution au Nicaragua 1979
4%
Traité de Washington (année) 1987
4%
Début de la guerre de Corée (jour,mois,année) 25 juin 1950
4%
Massacre de Tian'amen (jour,mois,année) 4 juin 1989
4%
Télégraphe Kennan (mois,année) février 1946
4%
France obtient arme nucléaire (mois,année) février 1960
4%
La Hongrie ouvre ses frontières à l'Autriche (mois,année) mai 1989
4%
Invasion des Sudètes (mois, année) octobre 1934
4%
Indépendance Inde-Pakistan (mois,année) octobre 1947
4%
Accords de Camp David (mois,année) septembre 1948
4%
Lois de Nuremberg (jour,mois,année) 15 septembre 1935
2%
1 er quinquennat stalinien (début-fin) 1928-19321928-1933
2%
De Gaulle Président (jour,mois,année) 1er juin 1958
2%
Début Guerre d'Algérie (jour,mois,année) 1er novembre 1954
2%
Discours "Ich bin ein Berliner" (jour,mois,année) 26 juin 1963
2%
Chute de Saigon (jour,mois,année) 30 avril 1975
2%
Nuit de Cristal (jourS,mois,année) 8-9 novembre 1938
2%
Révolte de velours (mois,année) avril 1989
2%
Libération de Nelson Mandela (mois,année) Février 1989
2%
Révolution cubaine (mois,année) janvier 1959
2%
Armistice à Panmunjon (mois,année) juillet 1953
2%
Chute IVe REP. (mois,année) mai 58
2%
Accords d'Evian (mois,année) mars 1942
2%
Soulèvement de Budapest (mois,année) novembre 1956
2%
Invasion de l'Ethiopie (mois,année) octobre 1935
2%
Accords d'Abraham (mois,année) août 2020
0%
Aucun quiz correspondant
Distribution des résultats
% des personnes avec chaque résultat
Percentile par nombre de réponses
Votre historique - résultats
Vous n’avez pas pris ce quiz depuis la dernière actualisation